00683nam a22001817a 4500003000400000020001800004082001400022100002500036245004700061250000900108260002000117300000800137650001300145942001200158952016300170952015100333999001700484SGT a9781032452494 a617bB23O aO'Connell, P. Ronan  aBailey & Love's Short practice of Surgery  a28th bCRC Pressc2023 a849 aSurgery  2ddccBK 00102ddc4071aFDbFDcREFd2023-08-26eAhuja Book Co. Pvt. Ltd. hVol. 1iSGTUl1o617 B23OpFD9306r2026-05-21 00:00:00s2026-05-18w2023-06-28yBKk16974 00102ddc4071aFDbFDcREFd2023-08-26eAhuja Book Co. Pvt. Ltd. hVol. 1iSGTUl0o617 B23OpFD9308r2023-08-26 00:00:00w2023-06-28yBKk16974 c24899d24899